书目信息 |
| 题名: |
白衣女人
|
|
| 作者: | 柯林斯 著 | |
| 分册: | ||
| 出版信息: | 北京 群众出版社 1998.01 |
|
| 页数: | 633页 | |
| 开本: | 32开 | |
| 丛书名: | ||
| 单 册: | ||
| 中图分类: | I561.456 | |
| 科图分类: | ||
| 主题词: | 文学 | |
| 电子资源: | ||
| ISBN: | 7-5014-1494-7 | |
| 000 | 00526nam0 2200193 45 | |
| 001 | 0008170899 | |
| 005 | 20000817082831.0 | |
| 010 | @a7-5014-1494-7@d30.00元 | |
| 100 | @a20000817d1998 km y0chiy0120 ea | |
| 101 | 0 | @achi |
| 105 | @a z 000yy | |
| 200 | 1 | @a白衣女人@ABai Yi Nu Ren@f(英)柯林斯 著@F(Ying)Ke Lin Si Zhu |
| 210 | @a北京@c群众出版社@d1998.01 | |
| 215 | @a633页@d32开 | |
| 606 | 0 | @a文学 |
| 690 | @aI561.456@v3 | |
| 701 | 0 | @a柯林斯@4著 |
| 801 | @aCN@bPftUser@c20000817 | |
| 905 | @b108484-486@dI561.456@eK761@f3 | |
| 白衣女人/(英)柯林斯 著.-北京:群众出版社,1998.01 |
| 633页;32开 |
| ISBN 7-5014-1494-7:30.00元 |
| ● |
| 相关链接 |
|
|
|
正题名:白衣女人
索取号:I561.456/K761
 
预约/预借
| 序号 | 登录号 | 条形码 | 馆藏地/架位号 | 状态 | 备注 |
| 1 | 108484 | 201084842 | 文学库116/ [索取号:I561.456/K761] | 在馆 | |
| 2 | 108485 | 201084851 | 文学库116/ [索取号:I561.456/K761] | 在馆 | |
| 3 | 108486 | 201084860 | 文学库116/ [索取号:I561.456/K761] | 在馆 |